00364 a2200121 4500003000500000005001700005040000900022082000800031245006900039260003200108650007900140651002300219Nust20170207161526.0 cNust a799 aDinner NCIA 2013 at Blue Lagoon,Photogrphs 2013 (Soft Copy)cMCS aRawalpindibMCSc11-12-2013 aPictures of Dinner NCIA 2013 at Blue Lagoon,Photogrphs 2013 (NCIA 2013-CD) aSweet Memories-MCS